000
00342 a2200157 4500
001
75770
020
_a
8534905576
040
_c
Anchieta - Colégio São Paulo
100
_a
Belinky, Tatiana
240
1
0
_a
Branca de Neve
_l
por
245
1
0
_a
Branca de Neve
300
_a
22
362
0
_a
2002
650
4
_a
Literatura infantil
942
_c
BK
999
_c
75770
_d
75770